Surveyors acting as expert witnesses (Record no. 110203)

MARC details
000 -LEADER
fixed length control field 01610cad a22002655a 4500
001 - CONTROL NUMBER
control field E148746
008 - FIXED-LENGTH DATA ELEMENTS--GENERAL INFORMATION
fixed length control field 091103s2009 xxk f 000 0 eng d
041 0# - LANGUAGE CODE
Language code of text/sound track or separate title eng
050 04 - LIBRARY OF CONGRESS CALL NUMBER
Classification number 347.41067 $2 18
110 2# - MAIN ENTRY--CORPORATE NAME
Corporate name or jurisdiction name as entry element Royal Institution of Chartered Surveyors
Subordinate unit Dispute Resolution Faculty
245 00 - TITLE STATEMENT
Title Surveyors acting as expert witnesses
Remainder of title briefing and addendum 2009
Medium [old edition]
250 ## - EDITION STATEMENT
Edition statement 3rd
260 ## - PUBLICATION, DISTRIBUTION, ETC.
Place of publication, distribution, etc. London
Name of publisher, distributor, etc. RICS
Date of publication, distribution, etc. October 2009
300 ## - PHYSICAL DESCRIPTION
Extent 10p.
490 #0 - SERIES STATEMENT
Series statement RICS Practice Statement
490 #0 - SERIES STATEMENT
Series statement RICS Guidance Note
520 ## - SUMMARY, ETC.
Summary, etc. The 50th amendment to the Civil Procedure Rules (CPR) was recently introduced and amended rules came into force on 1 October (unless otherwise provided in SI 2009 No. 2092). Changes were introduced in a number of areas. RICS has produced a combined briefing and addendum to the "Surveyors acting as expert witnesses" document (see ISBN 9781842194287). The briefing section sets out some of the recent changes to the expert witness provisions of the CPR, and the addendum features amendments that should be read into the published 3rd edition "Surveyors acting as expert witnesses" (RICS practice statement and guidance note).
520 ## - SUMMARY, ETC.
Summary, etc. Superseded by 4th edition L158327.
521 ## - TARGET AUDIENCE NOTE
Target audience note Advanced
590 ## - LOCAL NOTE (RLIN)
Local note KA
651 #4 - SUBJECT ADDED ENTRY--GEOGRAPHIC NAME
Geographic name United Kingdom
690 ## - LOCAL SUBJECT ADDED ENTRY--TOPICAL TERM (OCLC, RLIN)
Topical term or geographic name as entry element MANAGEMENT-DISPUTE AVOIDANCE, MANAGEMENT AND RESOLUTION-DISPUTE MANAGEMENT AND RESOLUTION-EXPERT WITNESSES
856 ## - ELECTRONIC LOCATION AND ACCESS
Uniform Resource Identifier <a href="https://www.rics.org/profession-standards/knowledge-and-information-services/document-delivery-and-other-kis-fees">https://www.rics.org/profession-standards/knowledge-and-information-services/document-delivery-and-other-kis-fees</a>
Public note Please email [email protected] for a copy
942 ## - ADDED ENTRY ELEMENTS (KOHA)
Suppress in OPAC 0
Source of classification or shelving scheme Dewey Decimal Classification
Holdings
Withdrawn status Lost status Source of classification or shelving scheme Damaged status Not for loan Home library Current library Shelving location Date acquired Total Checkouts Full call number Date last seen Copy number Price effective from Koha item type
    Dewey Decimal Classification     Virtual Virtual Online 03/11/2009   SCAN 05/10/2024 1 06/08/2019 Online material